| 000 | 00492nam a22001577a 4500 | ||
|---|---|---|---|
| 008 | 141003b xxu||||| |||| 00| 0 eng d | ||
| 020 | _a9780281056323 | ||
| 050 | _aBR65.E94 T569 | ||
| 100 |
_aTilby, Angela _912064 |
||
| 245 |
_aThe Seven deadly Sins _btheir origin in the spiritual teaching of Evagrius the Hermit _cAngela Tilby |
||
| 260 |
_aLondon _bSPCK _c2009 |
||
| 300 |
_axiii, 223cm. ; _c24cm. |
||
| 650 |
_aEvagrius _912065 |
||
| 650 |
_aDeadly sins _97886 |
||
| 942 |
_2lcc _cMONOGRAPH |
||
| 999 |
_c121084 _d121084 |
||